000 00443nam a2200157 i 4500
001 bg
100 1 _aROBLING-DENNING, Dorothy Elizabeth
245 0 _aKryptografia i ochrona danych /
_cD.E. Robling-Denning.
260 _aWarszawa,
_c1992.
490 1 _aBiblioteka Inżynierii Oprogramowania
830 _aBiblioteka Inżynierii Oprogramowania
040 _cBPK
041 _apol
942 _cKS
008 s pl f |000 0 pol
999 _c5358
_d5358
856 _uhttp://koha.tu.koszalin.pl/cgi-bin/koha/opac-detail.pl?biblionumber=5358
_yKatalog online BPK